5HLuxD.jpg

KING HENRY VIII SENIOR AND PRIMARY SCHOOL LIBRARY OPAC

OPERATION: EVIL GENIUS! (Record no. 6037)

000 -LEADER
fixed length control field 00908nam a22002057a 4500
005 - DATE AND TIME OF LATEST TRANSACTION
control field 20260127162946.0
008 - FIXED-LENGTH DATA ELEMENTS--GENERAL INFORMATION
fixed length control field 260127b ||||| |||| 00| 0 eng d
020 ## - INTERNATIONAL STANDARD BOOK NUMBER
International Standard Book Number 9781398517417
040 ## - CATALOGING SOURCE
Transcribing agency KH8
082 ## - DEWEY DECIMAL CLASSIFICATION NUMBER
Classification number 823.92 WAL
100 ## - MAIN ENTRY--PERSONAL NAME
Personal name WALLACE,DANNY
Relator term AUTHOR
245 ## - TITLE STATEMENT
Title OPERATION: EVIL GENIUS!
260 ## - PUBLICATION, DISTRIBUTION, ETC.
Place of publication, distribution, etc. 1st Floor,222 Gray's Inn Road,London,WC1X 8HB
Name of publisher, distributor, etc. Simon & Schuster UK LTD
Date of publication, distribution, etc. 2024
300 ## - PHYSICAL DESCRIPTION
Extent 245 pages
Other physical details b illustration
Dimensions 13 cm x 20 cm
520 ## - SUMMARY, ETC.
Summary, etc. Separated only by a garden fence, Ryan and Tom have been best friends since they were two years old. But while Ryan is looking forward to starting secondary school together, Tom doesn't seem to want anything to do him with anymore. Suddenly, he'd rather hang out with mean Minnie and horrible Simon! -Library Thing-
650 ## - SUBJECT ADDED ENTRY--TOPICAL TERM
Topical term or geographic name entry element Juvenile Fiction
Form subdivision Friendship
655 ## - INDEX TERM--GENRE/FORM
Genre/form data or focus term Humour
700 ## - ADDED ENTRY--PERSONAL NAME
Personal name CORRELL,GEMMA
Relator term iLLUSTRATOR
942 ## - ADDED ENTRY ELEMENTS (KOHA)
Source of classification or shelving scheme
Koha item type Books - Fiction
Holdings
Withdrawn status Lost status Source of classification or shelving scheme Damaged status Not for loan Collection code Permanent Location Current Location Shelving location Date acquired Total Checkouts Full call number Barcode Date last seen Date last checked out Price effective from Koha item type Public note
          Fiction KH8 Primary School Library KH8 Primary School Library Fiction 2026-01-27 1 823.92 WAL KHPL000008254 2026-03-02 2026-02-23 2026-01-27 Books - Fiction PRIMARY LIBRARY

Powered By KH8 IT Dept